Mortgage arrears and possessions (Record no. 81683)

MARC details
000 -LEADER
fixed length control field 01130cad a22002055a 4500
001 - CONTROL NUMBER
control field L147954
008 - FIXED-LENGTH DATA ELEMENTS--GENERAL INFORMATION
fixed length control field 090703e20090622xxk 000 0 eng d
035 ## - SYSTEM CONTROL NUMBER
System control number (Sirsi) u147954
041 0# - LANGUAGE CODE
Language code of text/sound track or separate title eng
110 2# - MAIN ENTRY--CORPORATE NAME
Corporate name or jurisdiction name as entry element Council of Mortgage Lenders
9 (RLIN) 5903
245 00 - TITLE STATEMENT
Title Mortgage arrears and possessions
Medium [electronic resource]
260 ## - PUBLICATION, DISTRIBUTION, ETC.
Date of publication, distribution, etc. 2009
490 ## - SERIES STATEMENT
Series statement CML Market Commentary
Volume/sequential designation 22 June 2009
520 ## - SUMMARY, ETC.
Summary, etc. Suggests that fewer borrowers will experience problems with their mortgage payments this year, due to the reductions in interest rates. However, argues that the poor outlook for the jobs market will mean that arrears will still rise. Also reports that there are continuing problems for lenders in increasing the supply of mortgage credit and this, together with the continuing weak economic situation, will mean that activity in the housing market remains low.
590 ## - LOCAL NOTE (RLIN)
Local note KA
651 #4 - SUBJECT ADDED ENTRY--GEOGRAPHIC NAME
Geographic name United Kingdom
Chronological subdivision
690 ## - LOCAL SUBJECT ADDED ENTRY--TOPICAL TERM (OCLC, RLIN)
Topical term or geographic name as entry element PROPERTY-RESIDENTIAL PROPERTY-RESIDENTIAL PROPERTY MARKET
856 40 - ELECTRONIC LOCATION AND ACCESS
Uniform Resource Identifier <a href="https://www.cml.org.uk/cml/publications/marketcommentary/160">https://www.cml.org.uk/cml/publications/marketcommentary/160</a>
Public note View the commentary free of charge at www.cml.org.uk...
942 ## - ADDED ENTRY ELEMENTS (KOHA)
Suppress in OPAC 0
Holdings
Withdrawn status Lost status Source of classification or shelving scheme Damaged status Not for loan Home library Current library Shelving location Date acquired Total Checkouts Full call number Barcode Date last seen Copy number Price effective from Koha item type
    Dewey Decimal Classification     Virtual Virtual Online 03/07/2009   ONLINE PUBLICATION L147954 06/08/2019 1 06/08/2019 Journal article